000 00267nam a22000977a 4500
100 _aGupta,Sayantan
_983782
245 _aThe Flames Burnt Dark The Talk of the Aryasura
260 _aNew Delhi
_bLifi Publicaation Pvt.
_c2024
650 _aFaction
_983783
942 _cBK
999 _c68753
_d68753